header

AI game engine programming (Record no. 112607)

MARC details
000 -LEADER
fixed length control field 01083nam a2200289 a 4500
100 1# - MAIN ENTRY--AUTHOR NAME
Personal name Schwab, Brian.
245 10 - TITLE STATEMENT
Title AI game engine programming
250 ## - EDITION STATEMENT
Edition statement 2nd ed.
260 ## - PUBLICATION, DISTRIBUTION, ETC. (IMPRINT)
Place of publication Boston, MA :
Name of publisher Course Technology, Cengage Learning,
Year of publication c2009.
300 ## - PHYSICAL DESCRIPTION
Number of Pages xxx, 710 p. :
Other physical details ill.
650 #0 - SUBJECT ADDED ENTRY--TOPICAL TERM
Topical Term Computer games
Topical Term Artificial intelligence.
856 40 - ELECTRONIC LOCATION AND ACCESS
Uniform Resource Identifier http://site.ebrary.com/lib/rucke/Doc?id=10365197

No items available.

© 2026 Rongo University
Contact us: librarian | system librarian | Rongo university